[Event "Ricany op"]
[Site "Ricany"]
[Date "2023.09.02"]
[Round "9"]
[White "Meca, Viktor"]
[Black "Simak, Ivo"]
[Result "0-1"]
[WhiteElo "1755"]
[BlackElo "1575"]
[PlyCount "45"]
[EventDate "2023.08.26"]
[EventType "swiss"]
[EventRounds "9"]
[EventCountry "CZE"]
[SourceTitle "CBM 216 Extra"]
[Source "ChessBase"]
[SourceDate "2023.11.30"]
[SourceVersion "1"]
[SourceVersionDate "2023.11.30"]
[SourceQuality "1"]

1. e4 c5 2. Nf3 Nc6 3. d4 cxd4 4. Nxd4 e5 5. Nb5 d6 6. N1c3 a6 7. Na3 h6 8. Nd5 Nf6 9. Qd3 Be6 10. g3 Nxd5 11. exd5 Qa5+ 12. Bd2 Qxd5 13. Rg1 Qxd3 14. Bxd3 Nd4 15. 0-0-0 Bg4 16. Rdf1 d5 17. Bc3 Nf3 18. Rh1 Bh3 19. Rd1 Bg2 20. Bxe5 Bxh1 21. Rxh1 Nxe5 22. Re1 Bxa3 23. Rxe5+ 0-1

[Event "Ricany op 20th"]
[Site "Ricany"]
[Date "2022.08.31"]
[Round "6"]
[White "Cabart, Pavel"]
[Black "Meca, Viktor"]
[Result "0-1"]
[WhiteElo "1757"]
[BlackElo "1796"]
[PlyCount "78"]
[EventDate "2022.08.27"]
[EventType "swiss"]
[EventRounds "9"]
[EventCountry "CZE"]
[SourceTitle "CBM 210 Extra"]
[Source "ChessBase"]
[SourceDate "2022.11.30"]
[SourceVersion "1"]
[SourceVersionDate "2022.11.30"]
[SourceQuality "1"]

1. e4 c5 2. Nf3 d6 3. d4 cxd4 4. Nxd4 Nf6 5. Nc3 a6 6. Bg5 h6 7. Bh4 e6 8. f4 Be7 9. Qf3 Qc7 10. 0-0-0 Nc6 11. Bg3 Bd7 12. Kb1 Nxd4 13. Rxd4 Bc6 14. Qe3 Rc8 15. Rd2 0-0 16. Bd3 b5 17. e5 Nd5 18. Nxd5 Bxd5 19. h4 Qc5 20. Qe2 f5 21. Qh5 Qe3 22. Be1 dxe5 23. fxe5 Qxe5 24. Re2 Qd4 25. Bf2 Qg4 26. Qxg4 fxg4 27. Bd4 Bf6 28. Bxf6 Rxf6 29. Rhe1 Rcf8 30. a4 bxa4 31. Bxa6 Rf2 32. c4 Bxg2 33. Rxe6 Rf1 34. c5 Rxe1+ 35. Rxe1 Rf5 36. Bb5 Rxc5 37. Bxa4 Rh5 38. b4 Rxh4 39. b5 Rh1 0-1